000 00373nam a2200157 4500
005 20260428125313.0
020 _a9781292469706
082 _a519.5
_bTRI.E
084 _2Colon Classification
100 _aTriola,Mario F
_914169
245 _aEssentials of statistics
250 _a7th ed.
260 _aEngland:
_bPearson,
_c2025.
300 _a704p.
942 _2ddc
_cBK
999 _c759147
_d759147